Science Quiz

Random Science or Chemistry Quiz

Diatomic Elements in Standard Conditions Quiz Stats

 Plays Quiz Updated Aug 7, 2013

Challenge
Share
Tweet
Embed
Score 0/7 Timer 01:00
4 Plays Today
Element % Correct
Oxygen
96.6%
Hydrogen
93%
Nitrogen
87.3%
Chlorine
74.5%
Fluorine
70.6%
Iodine
67.9%
Bromine
65.5%

You're not logged in!

Compare scores with friends on all Sporcle quizzes.
OR
Log In

You Might Also Like...

Show Comments

Extras

Top Quizzes Today


Score Distribution

Your Account Isn't Verified!

In order to create a playlist on Sporcle, you need to verify the email address you used during registration. Go to your Sporcle Settings to finish the process.

Report this User

Report this user for behavior that violates our Community Guidelines.

Details: